000 00574nam a2200229Ia 4500
003 OSt
005 20221005121123.0
006 a|||||r|||| 00| 0
007 ta
008 221004b |||||||| |||| 00| 0 eng d
024 _a66181
037 _cTextual
040 _aCRL
_cCRL
_beng
041 _2eng
_aeng
082 _aV55:1:N1, 113J9.1-.2
100 _aHantsch Hugo
_9630102
245 0 _aGeschichte osterreichs
260 _c1959
650 _aHISTORY
942 _hV55:1:N1, 113J9.1-.2
_cTEXL
_2cc
999 _c1040148
_d1040148